000 02552nam a2200337Ia 4500
999 _c50289
_d50289
001 17228
003 GE_BSU
005 20220620141936.0
008 181216s2014ge xx |||||||||||||| ||geo||
020 _a9789941133787
040 _cGE_BSU
041 _ageo
080 _a330.1.542 ნ-63
100 _aნიკოლსკი, ვალტერ.
_96759
245 _aმიკროეკონომიკის თეორია :
_bძირითადი პრინციპები და გავრცობა /
_cვალტერ ნიკოლსკი ; ქრისტოფერ სნაიდერი ; სამეცნ. რედ. ეთერ ხარაიშვილი ; სარედ. კოლეგია : ი. გაგნიძე ; მ.ნაცვალაძე ; ი. ნაცვლიშვილი ; მ. ჩავლეიშვილი ; ლ.ლაბაძე ; მთარგმნ : სოფიო ბასლანაძე.
250 _aმე-10 გამოცემა
264 _aთბილისი :
_bთბილ. უნ-ტის გამ-ბა,
_c2014.
300 _aXXVI,1076 გვ .:
_b25 სმ.
500 _aწიგნის ქართული თარგმანი მომზადდა ივანე ჯავახიშვილის სახელობის თბილისის სახელმწიფო უნივერსიტეტში,მიკროეკონომიკის კათედრაზე.
653 _aეკონომიკა
653 _aმიკროეკონომიკის თეორია
700 _aსნაიდერი, ქრისტოფერ
_96760
700 _aხარაიშვილი, ეთერ
_eსამეცნიერო რედაქტორი
_92000
700 _aგაგნიძე, ი
_eსარედაქციო კოლეგია
_96761
700 _aნაცვალაძე, მ
_eსარედაქციო კოლეგია
_95076
700 _aნაცვლიშვილი, ი
_eსარედაქციო კოლეგია
_95075
700 _aჩავლეიშვილი, მ
_eსარედაქციო კოლეგია
_94002
700 _aლაბაძე, ლ
_eსარედაქციო კოლეგია
_96762
700 _a ბასლანაძე, სოფიო
_eმთარგმნელი
_96763
942 _cBK
_2udc